Statistics for World Capitals Containing Y (One Minute Sprint with a semi-empty map)

Click here to take the quiz!

General Stats

  • This quiz has been taken 142 times
  • The average score is 187 of 196

Answers on the Map

Answers color-coded by a green-red scale on the quiz's map according to % correct below.
 

Answer Stats

capital% Correct
x
100%
Reykjavik
81%
Mexico City
65%
Yerevan
64%
Tokyo
62%
Yaoundé
58%
Guatemala City
55%
Panama City
55%
Pyongyang
51%
Yamoussoukro
51%
Niamey
49%
Yaren
46%
Vatican City
40%
Riyadh
37%
Conakry
36%
Kuwait City
36%
Port Moresby
31%
Naypyidaw
29%
Sri Jayawardene-
pura Kotte
18%

Score Distribution

Percentile by Number Answered

Percent of People with Each Score

Your Score History

You have not taken this quiz